Volunteer Probation Assistants of the Department of Justice - Parole and Probation Administration (DOJ-PPA) of Region 2, Philippines: Recruitment and Motivations

Die URL zum PDF wurde auf dem Server nicht gefunden.

Saved in:  
Bibliographic Details
Main Author: Tumitit, Annie Anablon (Author)
Format: Electronic Article
Language:English
Published: 2019
In: International journal of criminal justice sciences
Year: 2019, Volume: 14, Issue: 2
Online Access: Volltext (kostenfrei)
Check availability: HBZ Gateway

MARC

LEADER 00000caa a22000002c 4500
001 1746677147
003 DE-627
005 20240219125414.0
007 cr uuu---uuuuu
008 210202s2019 xx |||||o 00| ||eng c
024 7 |a 10.5281/zenodo.3722868  |2 doi 
035 |a (DE-627)1746677147 
035 |a (DE-599)KXP1746677147 
040 |a DE-627  |b ger  |c DE-627  |e rda 
041 |a eng 
084 |a 2,1  |2 ssgn 
100 1 |a Tumitit, Annie Anablon  |e VerfasserIn  |4 aut 
245 1 0 |a Volunteer Probation Assistants of the Department of Justice - Parole and Probation Administration (DOJ-PPA) of Region 2, Philippines: Recruitment and Motivations 
264 1 |c 2019 
336 |a Text  |b txt  |2 rdacontent 
337 |a Computermedien  |b c  |2 rdamedia 
338 |a Online-Ressource  |b cr  |2 rdacarrier 
520 |a Die URL zum PDF wurde auf dem Server nicht gefunden. 
773 0 8 |i Enthalten in  |t International journal of criminal justice sciences  |d Tirunelveli : Manonmaniam Sundaranar University, 2006  |g 14(2019), 2  |h Online-Ressource  |w (DE-627)50790723X  |w (DE-600)2222797-0  |w (DE-576)262797437  |x 0973-5089  |7 nnas 
773 1 8 |g volume:14  |g year:2019  |g number:2 
856 4 0 |u https://doi.org/10.5281/zenodo.3722868  |x Resolving-System  |z kostenfrei  |3 Volltext  |7 0 
935 |a mkri 
951 |a AR 
ELC |a 1 
LOK |0 000 xxxxxcx a22 zn 4500 
LOK |0 001 3847529994 
LOK |0 003 DE-627 
LOK |0 004 1746677147 
LOK |0 005 20240221092502 
LOK |0 008 210202||||||||||||||||ger||||||| 
LOK |0 035   |a (DE-2619)KrimDok#2021-02-01#9D85CB6EFD0F305EC8EA5454A4BEE09434D65E33 
LOK |0 040   |a DE-2619  |c DE-627  |d DE-2619 
LOK |0 092   |o n 
LOK |0 852   |a DE-2619 
LOK |0 852 1  |9 00 
LOK |0 866   |x zotak: Geändert (4950 zu 4959, da URL zum PDF ins Leere führt), da in zota-Einspielung falsch 
LOK |0 935   |a zota 
LOK |0 939   |a 02-02-21  |b l01 
OAS |a 1 
ORI |a SA-MARC-krimdoka001.raw